All NIFL Premiership Teams Ever - Statistics

General Stats
  • This quiz has been taken 39 times
  • The average score is 16 of 20
Answer Stats
Team % Correct
Glentoran
94%
Linfield
94%
Newry City
91%
Ballymena United
88%
Larne
88%
Coleraine
85%
Crusaders
85%
Glenavon
85%
Bangor
82%
Cliftonville
82%
Dungannon Swifts
82%
Portadown
76%
Ards
74%
Carrick Rangers
74%
Lisburn Distillery
71%
Warrenpoint Town
68%
Donegal Celtic
65%
Loughgall
65%
Ballinamallard United
59%
Institute
53%
No matching quizzes found
Score Distribution
Percent of People with Each Score
Percentile by Number Answered
Your Score History
You have not taken this quiz